000
00227nam a22000857a 4500
008
160713b xxu||||| |||| 00| 0 eng d
100
_9
2754
_a
Schuller, R.H
245
_a
Reach out for New Life
260
_a
N.Y
_b
Hawt Horn Books
_c
1977
999
_c
2390
_d
2390